Rechtsanwendung und gerichtliche Kontrolle im Wirtschaftsverwaltungsrecht /

Saved in:
Bibliographic Details
Main Author: Tettinger, Peter Josef.
Format: Book
Language:German
Published: München : Vahlen, 1980.
Series:Studien zum öffentlichen Recht und zur Verwaltungslehre ; Bd. 24.
Subjects:
Tags: Add Tag
No Tags, Be the first to tag this record!
LEADER 01263nam a2200349 a 4500
001 005144048-2
005 20020606095253.2
008 820728s1980 gw b 001 0 ger
010 |a  80151109  
015 |a GFR81-A 
020 |a 380060714X 
035 0 |a ocm08688306 
040 |a DLC  |c DLC  |d HVL 
043 |a e-gw--- 
050 0 |a KK6569  |b .T48 1980 
082 0 |a 343.43/07  |a 344.3037  |2 19 
100 1 |a Tettinger, Peter Josef. 
245 1 0 |a Rechtsanwendung und gerichtliche Kontrolle im Wirtschaftsverwaltungsrecht /  |c von Peter J. Tettinger. 
246 3 |a Wirtschaftsverwaltungsrecht. 
260 |a München :  |b Vahlen,  |c 1980. 
300 |a xxxix, 492 p. ;  |c 23 cm. 
490 1 |a Studien zum öffentlichen Recht und zur Verwaltungslehre ;  |v Bd. 24 
500 |a Spine title: Wirtschaftsverwaltungsrecht. 
500 |a The author's Habilitationsschrift, Universität zu Köln, 1979. 
500 |a Includes index. 
504 |a Bibliography: p. xv-xxxvii. 
650 0 |a Trade regulation  |z Germany (West) 
650 0 |a Judicial review of administrative acts  |z Germany (West) 
650 0 |a Industrial laws and legislation  |z Germany (West) 
830 0 |a Studien zum öffentlichen Recht und zur Verwaltungslehre ;  |v Bd. 24. 
988 |a 20020608 
906 |0 DLC